000 01263aam a2200265 i 4500
999 _c45179
_d45179
001 18773
003 CO-MdBIC
005 20190523171731.0
008 190523t1983 -us |||| |||| 00| 0 eng d
020 _a[No incluye ISBN]
040 _aCO-MdFUSB
_bspa
_cCO-MdFUSB
_dCO-MdFUSBC
_erda
041 _aeng
082 0 4 _a23
_2230.044
_bF981
245 1 0 _aFoundations of Pentecostal theology.
_c/ Guy P. Duffield , Nathaniel M. Van Cleave
264 1 _aLos Angeles, California :
_bL.I.F.E. Bible College,
_c[1983]
300 _a624 páginas
_c; 24 cm
336 _atexto
_btxt
_2rdacontent
337 _2rdamedia
_asin mediación
_bn
338 _2rdacarrier
_avolumen
_bnc
505 0 _aLa doctrina de las escrituras: bibliología. -- La doctrina de Dios: teología. -- La doctrina del hombre: la antropología. -- La doctrina del pecado: hamartiología. -- La doctrina de la salvación: la soteriología. -- La doctrina del Espíritu Santo: neumatología. -- La doctrina de la sanidad divina. -- La doctrina de la iglesia: la eclesiología. -- La doctrina de los ángeles: la angelología. -- La doctrina de las últimas cosas: la escatología.
563 _aRústico
650 0 _9142
_aPentecostalismo
700 _91975
_aDuffield, Guy P.,
_eautor
942 _cBK